[Event "Quebec-ch Senior"]
[Site "Montreal CAN"]
[Date "2017.04.23"]
[Round "5"]
[White "Bergeron, Jean-Guy"]
[Black "Cote, Claude"]
[Result "0-1"]
[WhiteElo "1448"]
[BlackElo "1617"]
[WhiteFideId "-1"]
[WhiteFideId "-1"]
[PlyCount "126"]
[GameId "2160767908411779"]
[EventDate "2017.04.21"]
[EventType "swiss"]
[EventRounds "1"]
[EventCountry "CAN"]
[SourceTitle "EXT 2022"]
[Source "ChessBase"]
[SourceDate "2021.10.06"]
[SourceVersion "1"]
[SourceVersionDate "2021.10.06"]
[SourceQuality "1"]

1. c4 b6 2. d4 e6 3. e4 Bb7 4. Nc3 Bb4 5. Bd3 Nf6 6. Bg5 h6 7. Bxf6 Qxf6 8. Nf3 Nc6 9. Bb1 Na5 10. Qd3 Ba6 11. b3 Ba3 12. Bc2 c5 13. e5 Qd8 14. O-O Bb2 15. Rab1 Bxc3 16. Qxc3 cxd4 17. Qxd4 Qc7 18. Rfd1 Bb7 19. Rd3 Bxf3 20. Rxf3 Nc6 21. Qd6 Qxd6 22. exd6 Nd4 23. Be4 Nxf3+ 24. Bxf3 Rc8 25. Bb7 Rc5 26. a4 O-O 27. Ba6 Re5 28. Kf1 Re4 29. Rd1 e5 30. Bb5 Rd4 31. Ke2 Rxd1 32. Kxd1 a5 33. Kd2 f5 34. Bxd7 Rf6 35. Ke3 g6 36. g4 Rxd6 37. Bc8 fxg4 38. Bxg4 Rd4 39. h3 Kf7 40. Bf3 Ke7 41. Be4 Rd1 42. Bxg6 Kf6 43. Be4 Kg5 44. Ke2 Rd4 45. Ke3 Rd1 46. Ke2 Ra1 47. Kd3 Kf4 48. f3 Rh1 49. Kc3 Rxh3 50. b4 Rh1 51. bxa5 bxa5 52. c5 Rc1+ 53. Bc2 Rxc2+ 54. Kxc2 Kf5 55. Kd3 h5 56. c6 Ke6 57. c7 Kd7 58. c8=Q+ Kxc8 59. Ke3 Kd7 60. Kf2 Ke6 61. Kg3 Kf5 62. Kh3 Kf4 63. Kg2 h4 0-1

[Event "Quebec-ch Senior"]
[Site "Montreal CAN"]
[Date "2017.04.23"]
[Round "5"]
[White "Bouchard, Jean-Marc"]
[Black "Blanchette, Rene"]
[Result "0-1"]
[WhiteElo "1719"]
[BlackElo "1957"]
[WhiteFideId "-1"]
[WhiteFideId "-1"]
[PlyCount "66"]
[GameId "2160767908411780"]
[EventDate "2017.04.21"]
[EventType "swiss"]
[EventRounds "1"]
[EventCountry "CAN"]
[SourceTitle "EXT 2022"]
[Source "ChessBase"]
[SourceDate "2021.10.06"]
[SourceVersion "1"]
[SourceVersionDate "2021.10.06"]
[SourceQuality "1"]

1. e4 Nf6 2. Nc3 d6 3. d4 g6 4. f4 Bg7 5. Nf3 c5 6. Be3 cxd4 7. Bb5+ Nc6 8. Nxd4 Bd7 9. Nb3 O-O 10. Be2 a5 11. a4 Nb4 12. O-O Bc6 13. Bf3 e6 14. Nd4 d5 15. e5 Nd7 16. Nce2 Rc8 17. c3 Na6 18. Qd2 Qe7 19. Rfb1 f6 20. exf6 Nxf6 21. b4 axb4 22. cxb4 Bd7 23. Ng3 Rc4 24. b5 Nc5 25. a5 Nfe4 26. Nxe4 dxe4 27. Be2 Nd3 28. Bxd3 Rxd4 29. Bxd4 Bxd4+ 30. Kh1 Bxa1 31. Bxe4 Bf6 32. Bxb7 Rd8 33. a6 Bc8 0-1

[Event "Quebec-ch Senior"]
[Site "Montreal CAN"]
[Date "2017.04.23"]
[Round "5"]
[White "Bureau, Robert"]
[Black "Gauthier, Luc"]
[Result "0-1"]
[WhiteElo "1404"]
[BlackElo "1699"]
[WhiteFideId "-1"]
[WhiteFideId "-1"]
[PlyCount "86"]
[GameId "2160767908411781"]
[EventDate "2017.04.21"]
[EventType "swiss"]
[EventRounds "1"]
[EventCountry "CAN"]
[SourceTitle "EXT 2022"]
[Source "ChessBase"]
[SourceDate "2021.10.06"]
[SourceVersion "1"]
[SourceVersionDate "2021.10.06"]
[SourceQuality "1"]

1. e4 Nf6 2. e5 Nd5 3. d4 d6 4. Nf3 Bg4 5. Be2 c6 6. O-O Bxf3 7. Bxf3 dxe5 8. dxe5 e6 9. a3 Qc7 10. Re1 Nd7 11. Bxd5 cxd5 12. f4 Bc5+ 13. Kh1 O-O 14. Nc3 a6 15. Rf1 Rac8 16. Na2 Ba7 17. c3 Nc5 18. Nb4 Ne4 19. Nd3 Qe7 20. Qg4 g6 21. Qf3 Rc4 22. Be3 Bxe3 23. Qxe3 b5 24. Nb4 Nc5 25. Rae1 Re4 26. Qf3 Qa7 27. Nc6 Qb6 28. Nd4 Rc8 29. Qg3 Rxe1 30. Rxe1 Ne4 31. Qe3 a5 32. Rf1 b4 33. axb4 axb4 34. cxb4 Qxb4 35. Nb3 Rb8 36. Nd4 Qxb2 37. Kg1 Rc8 38. Ne2 Rc2 39. Re1 Qb4 40. Kf1 Nd2+ 41. Kg1 Nf3+ 42. Qxf3 Qxe1+ 43. Qf1 Rxe2 0-1

[Event "Quebec-ch Senior"]
[Site "Montreal CAN"]
[Date "2017.04.23"]
[Round "5"]
[White "Gauthier, Denis"]
[Black "Millette, Sylvain"]
[Result "0-1"]
[WhiteElo "2022"]
[BlackElo "1687"]
[WhiteFideId "-1"]
[WhiteFideId "-1"]
[PlyCount "53"]
[GameId "2160767908411782"]
[EventDate "2017.04.21"]
[EventType "swiss"]
[EventRounds "1"]
[EventCountry "CAN"]
[SourceTitle "EXT 2022"]
[Source "ChessBase"]
[SourceDate "2021.10.06"]
[SourceVersion "1"]
[SourceVersionDate "2021.10.06"]
[SourceQuality "1"]

1. d4 Nf6 2. c4 g6 3. Nc3 d5 4. Bf4 c6 5. e3 Qa5 6. Qd2 Be6 7. b3 Bg7 8. Nf3 Nbd7 9. h3 O-O 10. Be2 dxc4 11. bxc4 Nb6 12. Ne5 Rad8 13. O-O Nfd7 14. Nxd7 Rxd7 15. c5 Nd5 16. Ne4 Qxd2 17. Nxd2 Nxf4 18. exf4 Bxd4 19. Rac1 Bxc5 20. Rxc5 Rxd2 21. Bf3 Bxa2 22. Ra1 a6 23. Ra5 Bc4 24. Rb1 Bb5 25. Ra3 e6 26. Rc1 Rfd8 27. g3 0-1

[Event "Quebec-ch Senior"]
[Site "Montreal CAN"]
[Date "2017.04.23"]
[Round "5"]
[White "Kozlov, Guennadi"]
[Black "Lesage, Philippe"]
[Result "0-1"]
[WhiteElo "1740"]
[BlackElo "1706"]
[WhiteFideId "-1"]
[WhiteFideId "-1"]
[PlyCount "76"]
[GameId "2160767908411785"]
[EventDate "2017.04.21"]
[EventType "swiss"]
[EventRounds "1"]
[EventCountry "CAN"]
[SourceTitle "EXT 2022"]
[Source "ChessBase"]
[SourceDate "2021.10.06"]
[SourceVersion "1"]
[SourceVersionDate "2021.10.06"]
[SourceQuality "1"]

1. e4 c5 2. Nf3 g6 3. d4 cxd4 4. c3 Bg7 5. cxd4 d5 6. e5 Nc6 7. Nc3 Bg4 8. Be2 Bxf3 9. Bxf3 e6 10. Qa4 a6 11. O-O Nge7 12. Be3 O-O 13. Qd1 b5 14. a3 Nf5 15. g4 Nxe3 16. fxe3 Qg5 17. Qe2 Bh6 18. Rae1 Rac8 19. Qf2 b4 20. Na4 bxa3 21. bxa3 Na5 22. Nc5 Nc4 23. h4 Qe7 24. g5 Bg7 25. a4 Nxe5 26. Be2 Nc4 27. Bxc4 dxc4 28. Rc1 Rxc5 29. dxc5 Qxc5 30. Qe2 c3 31. Rf4 a5 32. Rc4 Qd6 33. Kg2 Rb8 34. Rc2 Be5 35. Kf3 Rb2 36. Rxb2 cxb2 37. Rc8+ Kg7 38. Qb5 Qd5+ 0-1

[Event "Quebec-ch Senior Participation"]
[Site "Montreal CAN"]
[Date "2017.04.21"]
[Round "1"]
[White "Arcand, Pierre"]
[Black "Gervais, Marcel"]
[Result "1/2-1/2"]
[WhiteElo "1239"]
[BlackElo "1417"]
[WhiteFideId "-1"]
[WhiteFideId "-1"]
[PlyCount "100"]
[GameId "2160767908411787"]
[EventDate "2017.04.21"]
[EventType "swiss"]
[EventRounds "5"]
[EventCountry "CAN"]
[SourceTitle "EXT 2022"]
[Source "ChessBase"]
[SourceDate "2021.10.06"]
[SourceVersion "1"]
[SourceVersionDate "2021.10.06"]
[SourceQuality "1"]

1. e4 c6 2. Nf3 d5 3. exd5 cxd5 4. Bb5+ Bd7 5. Bxd7+ Nxd7 6. Nc3 Ngf6 7. d4 e6 8. O-O a6 9. Bg5 Be7 10. Qe2 O-O 11. h3 Re8 12. Ne5 Rc8 13. Nxd7 Qxd7 14. Rac1 Qc7 15. Qe3 b5 16. Bf4 Qb6 17. Be5 Qa5 18. Ra1 b4 19. Ne2 Rxc2 20. Rfb1 Rec8 21. Rc1 Nd7 22. Kf1 Nxe5 23. dxe5 h6 24. Rxc2 Rxc2 25. Qb3 Qc7 26. f4 Qc4 27. Qxc4 Rxc4 28. b3 Rc2 29. Nd4 Rc7 30. Ke2 Bc5 31. Rf1 Kf8 32. Kd3 Ke8 33. f5 Kd7 34. g4 g5 35. fxg6 fxg6 36. Rf3 Ke7 37. Rf6 Bxd4 38. Kxd4 h5 39. Rxg6 hxg4 40. Rxg4 Rc2 41. h4 Rxa2 42. Kc5 a5 43. Kb5 Re2 44. h5 Rxe5 45. Kxa5 Rxh5 46. Kxb4 e5 47. Kc5 e4 48. Kd4 Kd7 49. b4 Kd6 50. Rg6+ Ke7 1/2-1/2

[Event "Quebec-ch Senior Participation"]
[Site "Montreal CAN"]
[Date "2017.04.21"]
[Round "1"]
[White "Boisvert, Alain"]
[Black "Brunelle, Raymond"]
[Result "1-0"]
[WhiteElo "1331"]
[BlackElo "1170"]
[WhiteFideId "-1"]
[WhiteFideId "-1"]
[PlyCount "100"]
[GameId "2160767908411788"]
[EventDate "2017.04.21"]
[EventType "swiss"]
[EventRounds "5"]
[EventCountry "CAN"]
[SourceTitle "EXT 2022"]
[Source "ChessBase"]
[SourceDate "2021.10.06"]
[SourceVersion "1"]
[SourceVersionDate "2021.10.06"]
[SourceQuality "1"]

1. c4 e5 2. Nc3 Bc5 3. Nf3 Nc6 4. a3 Nf6 5. b4 Bd4 6. Nxd4 Nxd4 7. e3 Ne6 8. g3 c6 9. Bg2 d5 10. cxd5 cxd5 11. Bb2 O-O 12. O-O b6 13. Ne2 Qd6 14. Nc1 Ba6 15. Re1 Rac8 16. Qa4 Nc7 17. Ne2 Ne4 18. Bxe4 dxe4 19. Rad1 Bb5 20. Qc2 Bd3 21. Qc3 Rfe8 22. Rc1 Qe7 23. Nf4 Qd6 24. Nxd3 exd3 25. Qc6 Qe7 26. Qb7 Qd8 27. Qxa7 Na8 28. Rxc8 Qxc8 29. Rc1 Qd8 30. Qb7 e4 31. Be5 f6 32. Bd4 h6 33. Rc6 Qb8 34. Qxb8 Rxb8 35. Re6 f5 36. Rc6 b5 37. Be5 Re8 38. Rc5 Kh7 39. Rxb5 Re7 40. a4 Kg6 41. a5 Kg5 42. Rc5 Re8 43. b5 g6 44. Kg2 h5 45. b6 Re7 46. Bf4+ Kf6 47. h4 Rb7 48. Bc7 Nxc7 49. Rxc7 Rb8 50. a6 Ke6 1-0

[Event "Quebec-ch Senior Participation"]
[Site "Montreal CAN"]
[Date "2017.04.22"]
[Round "2"]
[White "Gervais, Marcel"]
[Black "Boisvert, Alain"]
[Result "0-1"]
[WhiteElo "1417"]
[BlackElo "1331"]
[WhiteFideId "-1"]
[WhiteFideId "-1"]
[PlyCount "96"]
[GameId "2160767908411790"]
[EventDate "2017.04.21"]
[EventType "swiss"]
[EventRounds "5"]
[EventCountry "CAN"]
[SourceTitle "EXT 2022"]
[Source "ChessBase"]
[SourceDate "2021.10.06"]
[SourceVersion "1"]
[SourceVersionDate "2021.10.06"]
[SourceQuality "1"]

1. c4 e6 2. Nc3 Nf6 3. Nf3 Nc6 4. d4 d5 5. e3 Bd7 6. Bd3 Bb4 7. O-O Bxc3 8. bxc3 O-O 9. Qc2 Ne7 10. Ne5 a6 11. Nxd7 Qxd7 12. Ba3 c6 13. cxd5 cxd5 14. Rab1 Rfc8 15. Rfc1 h5 16. Qd2 b5 17. Bc5 Ne4 18. Ba3 Nc6 19. Qc2 Nd6 20. Bxd6 Qxd6 21. e4 Nxd4 22. Qd1 Nc6 23. Qxh5 g6 24. Qg5 Qe5 25. Qg4 Na5 26. exd5 exd5 27. Re1 Qd6 28. Rbc1 Nc4 29. Qg5 Re8 30. Bxc4 dxc4 31. Rcd1 Rxe1+ 32. Rxe1 Rd8 33. Qc1 Qd2 34. Qa1 Rd3 35. Kf1 Qxc3 36. Qxc3 Rxc3 37. Re3 Rc1+ 38. Re1 Rxe1+ 39. Kxe1 b4 40. Kd1 a5 41. Kc2 a4 42. Kb2 c3+ 43. Kc2 Kf8 44. h4 Ke7 45. g4 Kf6 46. f4 Ke6 47. h5 gxh5 48. gxh5 Kf6 0-1

[Event "Quebec-ch Senior Participation"]
[Site "Montreal CAN"]
[Date "2017.04.22"]
[Round "2"]
[White "Gougeon, Patrick"]
[Black "Arcand, Pierre"]
[Result "1/2-1/2"]
[WhiteElo "1321"]
[BlackElo "1239"]
[WhiteFideId "-1"]
[WhiteFideId "-1"]
[PlyCount "79"]
[GameId "2160767908411791"]
[EventDate "2017.04.21"]
[EventType "swiss"]
[EventRounds "5"]
[EventCountry "CAN"]
[SourceTitle "EXT 2022"]
[Source "ChessBase"]
[SourceDate "2021.10.06"]
[SourceVersion "1"]
[SourceVersionDate "2021.10.06"]
[SourceQuality "1"]

1. f4 d5 2. Nf3 Nf6 3. e3 e6 4. b3 Be7 5. Bb2 Nc6 6. Bb5 Bd7 7. Bxc6 Bxc6 8. Ne5 O-O 9. a4 Ne4 10. O-O Bh4 11. Qg4 Bf6 12. d3 Bxe5 13. fxe5 f5 14. Qe2 Ng5 15. d4 a6 16. Rf4 Ne4 17. Nd2 Nxd2 18. Qxd2 a5 19. Ba3 Rf7 20. Raf1 b5 21. axb5 Bxb5 22. Ra1 a4 23. Qc3 c6 24. b4 Rc8 25. Qe1 g5 26. Rf2 g4 27. Rf4 Rg7 28. g3 h5 29. Kf2 h4 30. Qg1 hxg3+ 31. hxg3 Rh7 32. Qg2 Rh3 33. Rh1 Rxh1 34. Qxh1 Qd7 35. Qh6 Re8 36. Qg6+ Kf8 37. Qf6+ Qf7 38. Qxf7+ Kxf7 39. Kg2 Rh8 40. Rf2 1/2-1/2

[Event "Quebec-ch Senior Participation"]
[Site "Montreal CAN"]
[Date "2017.04.22"]
[Round "2"]
[White "Lauzon, Francois"]
[Black "Brunelle, Raymond"]
[Result "1-0"]
[WhiteElo "1264"]
[BlackElo "1170"]
[WhiteFideId "-1"]
[WhiteFideId "-1"]
[PlyCount "169"]
[GameId "2160767908411792"]
[EventDate "2017.04.21"]
[EventType "swiss"]
[EventRounds "5"]
[EventCountry "CAN"]
[SourceTitle "EXT 2022"]
[Source "ChessBase"]
[SourceDate "2021.10.06"]
[SourceVersion "1"]
[SourceVersionDate "2021.10.06"]
[SourceQuality "1"]

1. d4 Nf6 2. c4 g6 3. Nc3 Bg7 4. e4 d6 5. f4 e6 6. Nf3 O-O 7. Be2 b6 8. O-O Bb7 9. e5 Ne8 10. Be3 Nd7 11. Rc1 f6 12. exd6 Nxd6 13. Bd3 Qe7 14. Qe1 a5 15. Nh4 f5 16. a4 c5 17. d5 Nf6 18. b3 exd5 19. cxd5 Nxd5 20. Nxd5 Bxd5 21. Bc4 Nxc4 22. bxc4 Bc6 23. Nf3 Bxa4 24. Qf2 Rfd8 25. Rfe1 Qc7 26. Ng5 Qc6 27. h4 h6 28. Nf3 Bf6 29. Ne5 Qe8 30. Nf3 Be7 31. Qg3 Kh7 32. Bd2 Bc6 33. Re2 Ra7 34. Rce1 Be4 35. Bc3 a4 36. Ng5+ Bxg5 37. hxg5 h5 38. Re3 a3 39. Ba1 Rda8 40. Rd1 b5 41. cxb5 Qxb5 42. Qe1 Qc4 43. Rc1 Qd5 44. Rd1 Qc6 45. Rd2 c4 46. Rc2 Bxc2 47. Re7+ Kg8 48. Qe5 Qb6+ 49. Kh2 Rxe7 50. Qxe7 Qa7 51. Qf6 Kh7 52. Bd4 Qc7 53. Be5 Qd7 54. Ba1 Rc8 55. Qc3 Bb3 56. Qf6 c3 57. Bxc3 Rxc3 58. Qxc3 Qf7 59. Kh3 Qc4 60. Qf6 a2 61. Qf8 a1=Q 62. Qh6+ Kg8 63. Qxg6+ Qg7 64. Qe8+ Kh7 65. Qxh5+ Kg8 66. Qe8+ Kh7 67. Qh5+ Qh6 68. Qxh6+ Kg8 69. Qg6+ Kf8 70. Qxf5+ Qf7 71. Qc8+ Kg7 72. Qc3+ Kg6 73. Qd3+ Kg7 74. g3 Be6+ 75. Kh4 Bf5 76. Qd6 Be6 77. g4 Qg8 78. Qe5+ Kf8 79. Qd6+ Kf7 80. Qc7+ Kg6 81. f5+ Bxf5 82. gxf5+ Kxf5 83. Qc5+ Kg6 84. Qd6+ Kh7 85. Qh6# 1-0

[Event "Quebec-ch Senior Participation"]
[Site "Montreal CAN"]
[Date "2017.04.22"]
[Round "3"]
[White "Brunelle, Raymond"]
[Black "Gervais, Marcel"]
[Result "0-1"]
[WhiteElo "1170"]
[BlackElo "1417"]
[WhiteFideId "-1"]
[WhiteFideId "-1"]
[PlyCount "94"]
[GameId "2160767908411795"]
[EventDate "2017.04.21"]
[EventType "swiss"]
[EventRounds "5"]
[EventCountry "CAN"]
[SourceTitle "EXT 2022"]
[Source "ChessBase"]
[SourceDate "2021.10.06"]
[SourceVersion "1"]
[SourceVersionDate "2021.10.06"]
[SourceQuality "1"]

1. e4 c6 2. d4 d5 3. e5 Bf5 4. Nf3 e6 5. Be2 Nd7 6. O-O c5 7. c3 Ne7 8. b3 Ng6 9. Be3 cxd4 10. cxd4 Rc8 11. a4 Be7 12. Qd2 Rc2 13. Qd1 O-O 14. Na3 Bxa3 15. Rxa3 Qb6 16. Bb5 Nb8 17. Ne1 Rc3 18. Ra1 Rfc8 19. Rc1 Qc7 20. Bc4 Rxc1 21. Qxc1 dxc4 22. b4 Na6 23. Qc3 Be4 24. Kh1 Nh4 25. f3 Bd5 26. Nc2 Qe7 27. b5 Nb8 28. Nb4 Nf5 29. Bf2 Nd7 30. Nxd5 exd5 31. Ra1 Nf8 32. g4 Nh4 33. f4 Ne6 34. Bg3 h5 35. g5 Nf5 36. h4 Nexd4 37. Ra2 Nxg3+ 38. Qxg3 Nf5 39. Qf2 b6 40. a5 Qb7 41. a6 d4+ 42. Qg2 Qxg2+ 43. Kxg2 Nxh4+ 44. Kf2 Nf5 45. Ke2 h4 46. Kf3 c3 47. Kg4 c2 0-1

[Event "Quebec-ch Senior Participation"]
[Site "Montreal CAN"]
[Date "2017.04.22"]
[Round "3"]
[White "Lauzon, Francois"]
[Black "Gougeon, Patrick"]
[Result "0-1"]
[WhiteElo "1264"]
[BlackElo "1321"]
[WhiteFideId "-1"]
[WhiteFideId "-1"]
[PlyCount "72"]
[GameId "2160767908411796"]
[EventDate "2017.04.21"]
[EventType "swiss"]
[EventRounds "5"]
[EventCountry "CAN"]
[SourceTitle "EXT 2022"]
[Source "ChessBase"]
[SourceDate "2021.10.06"]
[SourceVersion "1"]
[SourceVersionDate "2021.10.06"]
[SourceQuality "1"]

1. d4 f5 2. c4 Nf6 3. Nc3 g6 4. Bf4 d6 5. f3 Bg7 6. Qd2 c6 7. Nh3 h6 8. Nf2 g5 9. Bg3 f4 10. Bxf4 gxf4 11. Qxf4 Bf8 12. Qd2 Rg8 13. O-O-O Qa5 14. Kb1 Na6 15. a3 Bd7 16. e4 O-O-O 17. d5 Ne8 18. g3 Bg7 19. Rc1 Rf8 20. f4 Qb6 21. Nd3 Qd4 22. Bg2 Qxc4 23. Ne2 Qb5 24. Rc2 Kb8 25. Rhc1 c5 26. e5 Bf5 27. Rc4 dxe5 28. Ka2 Bxd3 29. Qxd3 Nd6 30. Nc3 Qxc4+ 31. Qxc4 Nxc4 32. Nb5 Nd6 33. Nc3 exf4 34. gxf4 Rxf4 35. Re1 Bxc3 36. Re2 Bd4 0-1

[Event "Quebec-ch Senior Participation"]
[Site "Montreal CAN"]
[Date "2017.04.22"]
[Round "3"]
[White "Raduica, Gheorghe"]
[Black "Boisvert, Alain"]
[Result "0-1"]
[WhiteElo "1471"]
[BlackElo "1331"]
[WhiteFideId "-1"]
[WhiteFideId "-1"]
[PlyCount "100"]
[GameId "2160767908411797"]
[EventDate "2017.04.21"]
[EventType "swiss"]
[EventRounds "5"]
[EventCountry "CAN"]
[SourceTitle "EXT 2022"]
[Source "ChessBase"]
[SourceDate "2021.10.06"]
[SourceVersion "1"]
[SourceVersionDate "2021.10.06"]
[SourceQuality "1"]

1. c4 c5 2. Nf3 Nc6 3. Nc3 g6 4. d4 cxd4 5. Nxd4 Bg7 6. Nxc6 bxc6 7. Bd2 Rb8 8. Rb1 Nf6 9. Qc1 O-O 10. Bh6 d5 11. Bxg7 Kxg7 12. cxd5 cxd5 13. e3 Bf5 14. Ra1 Qb6 15. Bb5 a6 16. Ba4 Qxb2 17. Qxb2 Rxb2 18. O-O Rc8 19. Rfc1 e5 20. Bb3 Rd8 21. f3 d4 22. Nd1 Rd2 23. e4 Bd7 24. Rc5 Re8 25. Rc7 Be6 26. Ba4 Rc8 27. Ra7 Rxa2 28. Rxa2 Bxa2 29. Rxa6 Be6 30. Kf2 Nd7 31. Rc6 Rxc6 32. Bxc6 Nc5 33. Bb5 Bc8 34. Nb2 f5 35. Bd3 Kf6 36. h3 Bb7 37. exf5 gxf5 38. Bc4 e4 39. fxe4 fxe4 40. g3 h5 41. h4 e3+ 42. Kg1 Bf3 43. Bd3 Nxd3 44. Nxd3 Kf5 45. Nc5 Kg4 46. Kh2 Bd5 47. Nd3 e2 48. Ne5+ Kf5 49. Nd3 Be4 50. Ne1 d3 0-1

[Event "Quebec-ch Senior Participation"]
[Site "Montreal CAN"]
[Date "2017.04.23"]
[Round "4"]
[White "Brunelle, Raymond"]
[Black "Arcand, Pierre"]
[Result "1-0"]
[WhiteElo "1170"]
[BlackElo "1239"]
[WhiteFideId "-1"]
[WhiteFideId "-1"]
[PlyCount "117"]
[GameId "2160767908411799"]
[EventDate "2017.04.21"]
[EventType "swiss"]
[EventRounds "5"]
[EventCountry "CAN"]
[SourceTitle "EXT 2022"]
[Source "ChessBase"]
[SourceDate "2021.10.06"]
[SourceVersion "1"]
[SourceVersionDate "2021.10.06"]
[SourceQuality "1"]

1. e4 e5 2. Nf3 Nc6 3. Bb5 Nf6 4. O-O Nxe4 5. Re1 f5 6. d3 a6 7. Bxc6 dxc6 8. dxe4 Qxd1 9. Rxd1 fxe4 10. Nxe5 Bd6 11. Re1 Bf5 12. Nc4 O-O-O 13. Nxd6+ cxd6 14. Nc3 Rhe8 15. Be3 d5 16. Ne2 Rd7 17. b3 h6 18. Bb6 Re6 19. Nd4 Rf6 20. f3 Re7 21. Nxf5 Rxf5 22. Rad1 Rfe5 23. c4 exf3 24. Rxe5 Rxe5 25. gxf3 g5 26. Rd2 Rf5 27. Kg2 h5 28. Kg3 Kd7 29. Rd3 Ke7 30. h4 gxh4+ 31. Kxh4 dxc4 32. bxc4 Rf4+ 33. Kxh5 Rxc4 34. Re3+ Kd7 35. Rb3 c5 36. Kg5 Kc6 37. Bd8 b5 38. f4 Rd4 39. Bf6 Rd5+ 40. Be5 c4 41. Ra3 Kb6 42. Kf6 b4 43. Rg3 Rd3 44. f5 Rxg3 45. Bxg3 b3 46. axb3 cxb3 47. Be5 a5 48. Ke6 a4 49. Bb2 Kb5 50. f6 Kb4 51. f7 a3 52. f8=Q+ Kc4 53. Bxa3 Kd3 54. Qf5+ Kc4 55. Qd5+ Kc3 56. Ke5 Kc2 57. Ke4 Kb1 58. Qd2 Ka1 59. Qb2# 1-0

[Event "Quebec-ch Senior Participation"]
[Site "Montreal CAN"]
[Date "2017.04.23"]
[Round "4"]
[White "Gervais, Marcel"]
[Black "Lauzon, Francois"]
[Result "1-0"]
[WhiteElo "1417"]
[BlackElo "1264"]
[WhiteFideId "-1"]
[WhiteFideId "-1"]
[PlyCount "33"]
[GameId "2160767908411800"]
[EventDate "2017.04.21"]
[EventType "swiss"]
[EventRounds "5"]
[EventCountry "CAN"]
[SourceTitle "EXT 2022"]
[Source "ChessBase"]
[SourceDate "2021.10.06"]
[SourceVersion "1"]
[SourceVersionDate "2021.10.06"]
[SourceQuality "1"]

1. Nf3 Nf6 2. c4 e6 3. Nc3 d5 4. g3 b6 5. Bg2 Bb7 6. O-O Nbd7 7. cxd5 Nxd5 8. d4 c5 9. Qa4 Nxc3 10. bxc3 Bxf3 11. Bxf3 Rc8 12. Rd1 Be7 13. Bc6 Rxc6 14. Qxc6 Bf6 15. dxc5 bxc5 16. Rb1 Ke7 17. Rb7 1-0

[Event "Quebec-ch Senior Participation"]
[Site "Montreal CAN"]
[Date "2017.04.23"]
[Round "4"]
[White "Gougeon, Patrick"]
[Black "Raduica, Gheorghe"]
[Result "0-1"]
[WhiteElo "1321"]
[BlackElo "1471"]
[WhiteFideId "-1"]
[WhiteFideId "-1"]
[PlyCount "98"]
[GameId "2160767908411801"]
[EventDate "2017.04.21"]
[EventType "swiss"]
[EventRounds "5"]
[EventCountry "CAN"]
[SourceTitle "EXT 2022"]
[Source "ChessBase"]
[SourceDate "2021.10.06"]
[SourceVersion "1"]
[SourceVersionDate "2021.10.06"]
[SourceQuality "1"]

1. f4 Nc6 2. Nf3 d6 3. e3 e5 4. fxe5 dxe5 5. Bb5 Bd6 6. Nc3 a6 7. Bxc6+ bxc6 8. O-O Bg4 9. e4 Nf6 10. d3 h6 11. Ne2 Qb8 12. Qe1 Qb6+ 13. Kh1 c5 14. c4 Bxf3 15. Rxf3 Be7 16. Qf1 O-O-O 17. Ng3 g6 18. b3 Qe6 19. h3 Rd6 20. Be3 Rc6 21. Bd2 Rh7 22. Qf2 h5 23. Kg1 h4 24. Ne2 Nh5 25. Rf1 Bf6 26. Be3 Qe7 27. Rd1 g5 28. Rf5 Nf4 29. Kh2 Rg7 30. g3 Nxe2 31. Qxe2 hxg3+ 32. Kg2 Rh7 33. Rxg5 Bxg5 34. Qg4+ Qe6 35. Qxe6+ Rxe6 36. Bxg5 f6 37. Be3 Rf7 38. Rf1 Rd6 39. Rd1 f5 40. Bxc5 Rc6 41. Bg1 f4 42. d4 Rd6 43. c5 Rd8 44. d5 c6 45. d6 Rg8 46. d7+ Rxd7 47. Rxd7 Kxd7 48. b4 Rb8 49. a3 a5 0-1

[Event "Quebec-ch Senior Participation"]
[Site "Montreal CAN"]
[Date "2017.04.23"]
[Round "5"]
[White "Arcand, Pierre"]
[Black "Lauzon, Francois"]
[Result "0-1"]
[WhiteElo "1239"]
[BlackElo "1264"]
[WhiteFideId "-1"]
[WhiteFideId "-1"]
[PlyCount "112"]
[GameId "2160767908411802"]
[EventDate "2017.04.21"]
[EventType "swiss"]
[EventRounds "5"]
[EventCountry "CAN"]
[SourceTitle "EXT 2022"]
[Source "ChessBase"]
[SourceDate "2021.10.06"]
[SourceVersion "1"]
[SourceVersionDate "2021.10.06"]
[SourceQuality "1"]

1. e4 e5 2. Nf3 Nc6 3. Nc3 Nf6 4. Bc4 Be7 5. O-O O-O 6. d4 exd4 7. Nxd4 Na5 8. Qe2 Nxc4 9. Qxc4 d6 10. h3 a6 11. Nf3 b5 12. Qe2 Bb7 13. Re1 Re8 14. Bg5 h6 15. Bxf6 Bxf6 16. Rad1 Bxc3 17. bxc3 Rxe4 18. Qd3 Rxe1+ 19. Rxe1 Qf6 20. Nd4 Qg5 21. g3 Qd5 22. f3 g6 23. a3 c5 24. Nb3 Qxf3 25. Qxf3 Bxf3 26. Rf1 Be4 27. Rf2 Re8 28. Re2 Kf8 29. Nd2 f5 30. Nxe4 fxe4 31. Rf2+ Ke7 32. Kf1 Ke6 33. Ke2 c4 34. Ke3 Ke5 35. Rf7 d5 36. Ra7 Re6 37. Rf7 g5 38. g4 Rd6 39. Rf5+ Ke6 40. Kd4 Kd7 41. Rf7+ Ke8 42. Rf5 Kd7 43. Rf7+ Kc6 44. Rf5 Kb6 45. Re5 Ka5 46. Rf5 Ka4 47. Rf1 Kxa3 48. Ra1+ Kb2 49. Ra5 Kxc2 50. Ra2+ Kb1 51. Ra5 Kb2 52. Ke5 Rb6 53. Kxd5 e3 54. Kc5 Rf6 55. Kb4 Kb1 56. Ka3 e2 0-1

[Event "Quebec-ch Senior Participation"]
[Site "Montreal CAN"]
[Date "2017.04.23"]
[Round "5"]
[White "Boisvert, Alain"]
[Black "Gougeon, Patrick"]
[Result "1/2-1/2"]
[WhiteElo "1331"]
[BlackElo "1321"]
[WhiteFideId "-1"]
[WhiteFideId "-1"]
[PlyCount "109"]
[GameId "2160767908411803"]
[EventDate "2017.04.21"]
[EventType "swiss"]
[EventRounds "5"]
[EventCountry "CAN"]
[SourceTitle "EXT 2022"]
[Source "ChessBase"]
[SourceDate "2021.10.06"]
[SourceVersion "1"]
[SourceVersionDate "2021.10.06"]
[SourceQuality "1"]

1. c4 f5 2. Nc3 Nf6 3. e3 g6 4. b3 Bg7 5. Bb2 O-O 6. Nf3 d6 7. d4 c6 8. Be2 Qe8 9. O-O e5 10. dxe5 dxe5 11. Qd3 Na6 12. Ne1 Bd7 13. Ba3 Rf7 14. c5 Nc7 15. Bb2 Rd8 16. Qc2 Rf8 17. Rd1 Be6 18. Rxd8 Qxd8 19. Nf3 e4 20. Ng5 h6 21. Nxe6 Nxe6 22. Bc4 Qe7 23. Rd1 Kh7 24. Bxe6 Qxe6 25. Ne2 Qe7 26. h3 Rd8 27. b4 Rxd1+ 28. Qxd1 Qd7 29. Qxd7 Nxd7 30. Bxg7 Kxg7 31. Nd4 Kf6 32. Kf1 Ne5 33. Ke2 Ke7 34. Nb3 b6 35. cxb6 axb6 36. a4 Nd3 37. b5 c5 38. a5 bxa5 39. Nxa5 Nb4 40. Nc4 Ke6 41. Kd2 g5 42. b6 Nc6 43. b7 Nb8 44. Kc3 Kd5 45. f3 exf3 46. gxf3 h5 47. Nb6+ Kc6 48. Nc4 g4 49. fxg4 fxg4 50. hxg4 hxg4 51. Ne5+ Kxb7 52. Nxg4 Nd7 53. Kc4 Kc6 54. e4 Kd6 55. e5+ 1/2-1/2